00709nam a2200217Ia 4500003000900000008004100009040001300050040001300063041000800076100002100084245010500105250001200210260001200222260000900234300001100243300001000254490000600264942000700270999001700277952019700294IT-RoPAU120407s9999 xx 000 0 und d aIT-RoPAU cIT-RoPAU aita aInnocenzo Chiesa aVita di Carlo Bascapè, Barnabita e Vescovo di Novara, 1550-1615. Nuova ed. a cura di Sergio Pagano aFirenze aOlschki c1993 a676 p. c24 cm v1 cBK c36345d36345 00102ddc406922_00000000000000071aPAULUSbPAULUSd2012-04-11l0o922.0r2012-04-11 00:00:00w2012-04-11yBKzInserito da: LuigiG In data: 27 ottobre 2011 fondo: Via A.Severo 56 Progr:36973